| 000 | 00549nam a22001817a 4500 | ||
|---|---|---|---|
| 005 | 20231109062157.0 | ||
| 008 | 231109b |||||||| |||| 00| 0 eng d | ||
| 020 | _a0409037532 ; 0409037559 | ||
| 041 | _aEnglish | ||
| 082 | _a346.2 KER | ||
| 100 |
_aKerr, AJ _lEnglish |
||
| 245 |
_aThe Principles of the Law of Contract / _cAJ Kerr |
||
| 250 | _aSixth Edition | ||
| 260 |
_aDurban : _bLexisNexis Butterworth, _c2002 |
||
| 300 |
_bxx, 932 pages ; _c25 cm. |
||
| 650 |
_aLegal practice _bLaw |
||
| 942 |
_cBK _6ALISON_BN_VRIES |
||
| 999 |
_c455 _d455 |
||